| 000 | 00520nam a2200157 i 4500 | ||
|---|---|---|---|
| 001 | 84362 | ||
| 003 | ES-MaACL | ||
| 005 | 20230906175013.0 | ||
| 007 | t| | ||
| 008 | 041122s1962 sp ||||1| spa d | ||
| 100 | 1 |
_aJiménez Urresti, Teodoro Ignacio. _966624 |
|
| 245 | 1 | 3 |
_aEl binomio Primado-Episcopado _b: tema central del próximo Concilio Vaticano II / _cTeodoro Ignacio Jiménez Urresti. |
| 260 |
_a[Bilbao] : _bDesclée de Brouwer, _c1962. |
||
| 300 |
_a165 p. ; _c24 cm. |
||
| 852 |
_aES-MaACL _jC-22214 _bR.50492 |
||
| 999 |
_c84362 _d84362 |
||